01509nam a2200349 a 4500001001200000003000800012006001900020007001500039008004100054010001700095020001500112020001800127020002700145040002100172035002100193050002700214082001600241245014800257260006000405300002200465504004100487505015700528533015200685650003400837650003400871650004100905655002900946700002400975710001700999856012601016999001701142ebr10551733CaPaEBRm u cr cn|||||||||060825s2006 qeaa sb 000 0 eng d z 2006462561 z1875378618 z9781875378616 z9781875378876 (e-book) aCaPaEBRcCaPaEBR a(OCoLC)64964554014aHD5707.5b.U542 2006eb04a331.13722200aUnemployment and healthh[electronic resource] :binternational and interdisciplinary perspectives /cedited by Thomas Kieselbach ... [et al.]. aBowen Hills, Qld. :bAustralian Academic Press,cc2006. ax, 308 p. :bill. aIncludes bibliographical references.0 asection 1. Health effects of unemployment -- section 2. Interventions to limit the health effects of unemployment : activation policies and empowerment. aElectronic reproduction.bPalo Alto, Calif. :cebrary,d2011.nAvailable via World Wide Web.nAccess may be limited to ebrary affiliated libraries. 0aUnemploymentxHealth aspects. 0aUnemploymentxSocial aspects. 0aUnemploymentxPsychological aspects. 7aElectronic books.2local1 aKieselbach, Thomas.2 aebrary, Inc.40uhttp://site.ebrary.com/lib/rucke/Doc?id=10551733zAn electronic book accessible through the World Wide Web; click to view c91729d91729